000
00211nam a2200085Ia 4500
008
120527s9999 xx 000 0 und d
100
_a
Roston, W.W
245
_a
The World Economy: History and prospect
942
_c
BK
999
_c
27223
_d
27223